Микросхемы для бытовой радиоэлектронной аппаратуры: справочное пособие

Dettagli Bibliografici
Autore principale: Аксенов А. И. Алексей Иванович
Altri autori: Нефедов А. В. Анатолий Владимирович
Riassunto:В данном справочном издании приведены основные электрические параметры, назначение выводов, типовые схемы применения, конструкции корпусов микросхем, используемых в телевизорах, видеомагнитофонах, в аудиоаппаратуре и в блоках питания, прямые и функциональные зарубежные аналоги. Второе издание дополнено рядом микросхем и исправлено. Предназначена для радиолюбителей, занимающихся эксплуатацией и ремонтом радиоаппаратуры.
Lingua:russo
Pubblicazione: Москва, СОЛОН-Пресс, 2005
Edizione:2-е изд., доп. и испр.
Serie:Ремонт Вып. 69
Soggetti:
Natura: Libro
KOHA link:https://koha.lib.tpu.ru/cgi-bin/koha/opac-detail.pl?biblionumber=131984

MARC

LEADER 00000nam0a2200000 4500
001 131984
005 20231101220334.0
010 |a 5980031871 
035 |a (RuTPU)RU\TPU\book\142919 
090 |a 131984 
100 |a 20080226d2005 km y0rusy50 ca 
101 0 |a rus 
102 |a RU 
105 |a a g 001zy 
200 1 |a Микросхемы для бытовой радиоэлектронной аппаратуры  |e справочное пособие  |f А. И. Аксенов, А. В. Нефедов 
205 |a 2-е изд., доп. и испр. 
210 |a Москва  |c СОЛОН-Пресс  |d 2005 
215 |a 216 с.  |c ил. 
225 1 |a Ремонт  |v Вып. 69 
320 |a Список литературы: с. 215. 
330 |a В данном справочном издании приведены основные электрические параметры, назначение выводов, типовые схемы применения, конструкции корпусов микросхем, используемых в телевизорах, видеомагнитофонах, в аудиоаппаратуре и в блоках питания, прямые и функциональные зарубежные аналоги. Второе издание дополнено рядом микросхем и исправлено. Предназначена для радиолюбителей, занимающихся эксплуатацией и ремонтом радиоаппаратуры. 
606 1 |a Радиотехнические системы на интегральных схемах  |2 stltpush  |3 (RuTPU)RU\TPU\subj\23252  |9 47879 
606 1 |a Радиоэлектронная аппаратура, бытовая  |2 stltpush  |3 (RuTPU)RU\TPU\subj\23515  |9 48100 
610 1 |a бытовая радиоаппаратура 
610 1 |a микросхемы 
610 1 |a условные обозначения 
610 1 |a функциональные назначения 
610 1 |a классификация 
610 1 |a аудиоаппаратура 
610 1 |a видеоаппаратура 
610 1 |a питание 
610 1 |a стабилизаторы напряжения 
610 1 |a параметры 
610 1 |a корпуса 
610 1 |a конструкции 
610 1 |a размеры 
610 1 |a справочники 
610 1 |a блоки 
675 |a 621.396.6.049.77(035)  |v 3 
675 |a 64:621.38(035)  |v 3 
700 1 |a Аксенов  |b А. И.  |g Алексей Иванович 
701 1 |a Нефедов  |b А. В.  |g Анатолий Владимирович 
801 1 |a RU  |b 63413507  |c 20080226  |g PSBO 
801 2 |a RU  |b 63413507  |c 20160906  |g RCR 
942 |c BK 
959 |a 20/20080226  |d 2  |e 291,00  |f АНЛ:1  |f ЧЗТЛ:1